| 000 | 00451nmm a2200169Ia 4500 | ||
|---|---|---|---|
| 008 | 251105s9999||||xx |||||||||||||||||und|| | ||
| 020 | _a9788415410942 | ||
| 041 | _aspa | ||
| 100 | _aAmarillo, Noelia | ||
| 245 | 0 | _aArdiente verano | |
| 264 |
_a[Madrid, España] : _bTerciopelo, _c2014 |
||
| 300 | _a360 páginas | ||
| 490 | _aArdiente Verano | ||
| 650 | _aErotic novel | ||
| 856 | _uhttps://public.digitaliapublishing.com/a/32515 | ||
| 942 | _cCF | ||
| 999 |
_c76705 _d76705 |
||